Assassinio nella cattedrale /

Gorde:
Xehetasun bibliografikoak
Egile nagusia: Eliot, T. S. (Egilea)
Beste egile batzuk: Costa Giovangigli, Orazio
Formatua: Diapositiba
Hizkuntza:italiera
Argitaratua: [Milano] : Fonit Cetra Video, [dopo il 1965]
Etiketak: Etiketa erantsi
Etiketarik gabe, Izan zaitez lehena erregistro honi etiketa jartzen!

MARC

LEADER 00000ngm a22000007i 4500
001 IT\ICCU\RMS\1532729
003 ItRI
005 20260124182903.0
008 060405s1965 it |||||||||||||||k|||||c
028 4 2 |a VRC2119 
040 |b ita 
041 7 |a ita  |2 ISO-639-2 
100 1 |a Eliot, T. S.  |0 IT\ICCU\CFIV\000958  |4 aut 
245 1 0 |a Assassinio nella cattedrale /  |c di T. S. Eliot ; regia di Orazio Costa Giovangigli. 
260 |a [Milano] :  |b Fonit Cetra Video,  |c [dopo il 1965] 
300 |a 1 VHS (128 min) :  |b b/n 
500 |a Descrizione basata sul contenitore. 
700 1 |a Costa Giovangigli, Orazio  |0 IT\ICCU\CFIV\104072 
790 1 |a Eliot, Thomas S.  |3 IT\ICCU\CFIV\253316  |z Eliot, T. S. 
790 1 |a Eliot, Thomas Stearns  |3 IT\ICCU\PARV\453431  |z Eliot, T. S. 
790 1 |a Stearns Eliot, Thomas  |3 IT\ICCU\SBNV\055547  |z Eliot, T. S. 
790 1 |a Costa, Orazio,  |d  (1911-1999)  |3 IT\ICCU\CFIV\201433  |z Costa Giovangigli, Orazio 
942 |2 ddc  |c VM  |n 0 
952 |0 0  |1 0  |4 0  |6 VO_2043_000000000000000  |7 0  |9 27567  |a BO  |b BO  |d 2026-01-24  |i 16930  |l 0  |o VO 2043  |p BO16930  |r 2026-01-24 18:29:03  |w 2026-01-24  |x [Sebina 5] [1 videocassetta]  |y VM  |z 1 videocassetta 
999 |c 23357  |d 23357